| 000 | 00000nam##2200000za#4500 |
| 001 | 9.615639 |
| 003 | CaOODSP |
| 005 | 20211126112847 |
| 007 | ta |
| 008 | 150406|2001||||xxc||||| f|0| 0 eng|d |
| 022 | |a1192-5434 |
| 040 | |aCaOODSP|beng |
| 043 | |an-cn--- |
| 086 | 1 |aFB3-2/101-7E |
| 110 | 2 |aBank of Canada. |
| 245 | 10|aDownward nominal-wage rigidity : |bmicro evidence from tobit models / |cby Allan Crawford and Geoff Wright. |
| 260 | |aOttawa - Ontario : |bBank of Canada |c2001. |
| 300 | |avi, 32p. : |bgraphs, references, tables ; |c28 cm. |
| 490 | 1 |aWorking paper|x1192-5434|v101-7 |
| 500 | |a"The recent trend toward low and stable inflation in many countries has focused attention on the factors determining the optimal inflation rate for an economy. This subject is a pressing issue for inflation-targeting countries who must compare the costs and benefits of lower inflation when choosing the appropriate level for their target."--Introduction. |
| 520 | 3 |aThe recent trend toward low and stable inflation in many countries has focused attention on the factors determining the optimal inflation rate for an economy. This subject is a pressing issue for inflation-targeting countries who must compare the costs and benefits of lower inflation when choosing the appropriate level for their target.--Introduction |
| 546 | |aRésumés en français |
| 563 | |aSoftcover |
| 590 | |a01-20|b2001-05-18 |
| 690 | 07|aWages|2gcpds |
| 690 | 07|aInflation|2gcpds |
| 690 | 07|aContracts|2gcpds |
| 720 | 1 |aCrawford, Allan |
| 720 | 1 |aWright, Geoff |
| 776 | 0#|tDownward nominal-wage rigidity : |w(CaOODSP)9.571587 |
| 830 | #0|aWorking paper,|x1192-5434|v101-7|w(CaOODSP)9.514622 |